Ethics of Tax Lawyering

Bibliographic Details
Main Author: Hatfield, Michael
Format: eBook
Language:English
Published: Chicago: The Center for Computer - Assisted Legal Instruction (CALI), 2015
Subjects:
Online Access:Acceso restringido

MARC

LEADER 00000nam a22000007a 4500
005 20180428231959.0
007 cr|||| ||||
008 180428s2015 us |||||s|||| 00||0 eng d
035 |a 21483 
040 |a vLex 
090 |c 7839  |d 7839 
100 1 |a Hatfield, Michael 
245 1 0 |a Ethics of Tax Lawyering  |h [Recurso electrn̤ico] /  |c Michael Hatfield 
256 |a Servicio en ln̕ea 
260 |a Chicago:  |b The Center for Computer - Assisted Legal Instruction (CALI),  |c 2015 
300 |a 1 recurso electrn̤ico 
506 1 |a Disponible solo en los productos indicados  |d vLex Global  |d vLex Global (Academic Edition, excluding Law Schools)  |d vLex Global (U.S. Academic Edition, Law Schools)  |d vLex Global (U.S. Academic Edition, excluding Law Schools)  |d vLex Global (Academic Edition, Law Schools) 
650 0 4 |a Derecho Fiscal  |z Estados Unidos 
740 0 |a vLex Libros (Servicio en ln̕ea) 
856 4 0 |u http://vlex.com/source/ethics-tax-lawyering-21483  |z Acceso restringido 
942 |c BOOK 
999 0 |a Tax Law